000 01196nam a2200301 i 4500
001 bg
003 BPK
005 20191224082756.0
008 060303s2006 pl a f f |001 0 pol
015 _aPB 2006/5925
020 _a8301145889
020 _a9788301145880
040 _cBPK
080 _a311
080 _a(075.8)
100 1 _aPiłatowska, Mariola
_d(1963- ).
_eAutor
245 1 0 _aRepetytorium ze statystyki /
_cMariola Piłatowska.
260 _aWarszawa :
_bWydawnictwo Naukowe PWN,
_c2006.
300 _a162, [2] s., [8] s. tabl. kolor. :
_bil. ;
_c24 cm.
504 _aBibliogr. s. 157-158. Indeks.
521 8 _aDla studentów kierunków: ekonomia, zarządzanie i marketing, finanse i bankowość, informatyka i ekonometria, stosunki międzynarodowe, handel zagraniczny oraz dla kierunków nieekonomicznych do przedmiotu Statystyka.
650 4 _aStatystyka
655 4 _aMateriały pomocnicze dla szkół wyższych
710 2 _aWydawnictwo Naukowe PWN
_4pbl.
856 _uhttp://koha.tu.koszalin.pl/cgi-bin/koha/opac-detail.pl?biblionumber=51480
_yKatalog online BPK
856 _uhttp://libra.ibuk.pl/book/362
_yIBUK
942 _2UKD
_cKS
999 _c51480
_d51480